27 Most Common English Verbs Quiz Stats

Quiz Updated Dec 19, 2016

Challenge
Share
Tweet
Embed
Score 0/27 Timer 08:00
51 Plays Today
Rank Verbs % Correct
1(to) be
85%
7(to) go
82.2%
3(to) do
71.2%
2(to) have
69.4%
10(to) see
65%
4(to) say
53.5%
14(to) want
49%
6(to) make
44.6%
9(to) take
44.2%
15(to) give
44.2%
12(to) think
41.3%
11(to) come
40.5%
5(to) get
37.8%
22(to) feel
36.6%
Rank Verbs % Correct
13(to) look
32.9%
8(to) know
31.8%
20(to) work
27.7%
18(to) tell
24.5%
24(to) leave
24.5%
19(to) ask
23.5%
23(to) try
23%
17(to) find
20.7%
25(to) call
18%
16(to) use
15.6%
26(to) become
9.9%
21(to) seem
7.6%
27(to) include
4.2%

You're not logged in!

Compare scores with friends on all Sporcle quizzes.
Sign Up with Email
OR
Log In

You Might Also Like...

Show Comments

Extras

Top Quizzes Today


Score Distribution

Your Account Isn't Verified!

In order to create a playlist on Sporcle, you need to verify the email address you used during registration. Go to your Sporcle Settings to finish the process.